000 01476cam a2200277u 4500
001 46154
003 BD-RjUL
005 20211209054120.0
008 160801s1949 ii 000 0 eng
035 _a(BD-RjUL)46272
040 _aDLC
_cCarP
_dDLC
_d(BD-RjUL)
_beng
041 _aeng
082 _223
_a343.520954
_bRUL 1949
100 1 _aRust, P. J. [from old catalog]
_9141055
245 1 0 _aLaw & practice of hurt & homicide, including rioting & dacoity :
_bbeing a complete, self-contained and explanatory treatise on homicide, hurt, murder, assault with intent to kill, human loss or injuries through automobile or other accidents, excusable or justificable homicide, indictment or information, presumption or burden of proof, admissibility in general, dying declaration proceedings at inquest, weight and sufficiency, conduct of trials, questions for court or jury, instructions and general aspects, verdict, new trials, sentence and punishment, private defence, extradition, rioting and dacoity, post mortem connecting legal problems and medical practices, etc., etc /
_cP. J. Rust [from old catalog]
250 _a2d ed.
260 _aAllahabad :
_bLaw Book Co.,
_c1949.
300 _axxvii, 611 p. ;
_c25 cm.
500 _a Index present
504 _aBibliography present
650 0 _aHomicide
_zIndia.
_9141056
650 0 _aAssault and battery
_zIndia.
_9141057
700 1 _aAiyar, K. J.
_d1885-
_9141058
942 _2ddc
_cBK
999 _c46154
_d46154